La impugnación internacional de la sentencia arbitral por fraude procesal : (Registro nro. 24642)

Detalles MARC
000 -Cabecera
Campo de control interno 00596nam a2200181Ia 4500
005 - Fecha y hora del registro
control field 20260414151057.0
008 - Elementos de Longitud Fija
fixed length control field 260414t2011||||xx |||||||||||||| ||spa||
041 ## - Idioma
Codigo Idioma ESP
082 ## - DEWEY y NOTACIÓN INTERNA
Dewey 345.721
Notación Interna C31
100 ## - AUTOR
Autor denominación Carrillo Zamora, Mercedes
Término de relación autor
245 #0 - TÍTULO DE MATERIAL BIBLIOGRÁFICO
Título La impugnación internacional de la sentencia arbitral por fraude procesal :
Título paralelo estudio particularizado de la controversia limítrofe anglo-venezolana sobre el territorio de la Guayana Esequiba
260 ## - CIUDAD, EDITORIAL, AÑO
Año 2011
300 ## - DESCRIPCIÓN
N° Páginas 258 páginas :
Dimensiones 20 cm.
650 ## - TEMAS
Temas Derecho
654 ## - PROGRAMAS
Programa Dpto. de Derecho y Ciencia Política
942 ## - ELEMENTOS DE KOHA
Tipo de documento Libro
Nombre del creador Justo Noguera
Código de catalogador Justo Noguera
Esquema de clasificación Dewey Decimal Classification
Suppress in OPAC
Existencias
Codigo completo Registro Colección Copia número Disponibilidad Tipo de préstamo Biblioteca Actual Procedencia (Biblioteca) Ubicacón Fecha Ingreso Tipo de Adquisición Date last seen Total checkouts Price effective from Tipo de Item Estado del Material Damaged status Withdrawn status
345.721 C31 1011576 Universidad Católica San Pablo 1 Disponible Disponible Víctor Andrés Belaunde Víctor Andrés Belaunde Primer piso 14/04/2026 Compra 14/04/2026   14/04/2026 Libro Bueno